Los desafíos de la débil institucionalización democrática
Đã lưu trong:
| Định dạng: | Texto |
|---|---|
| Những chủ đề: | |
| Các nhãn: |
Thêm thẻ
Không có thẻ, Là người đầu tiên thẻ bản ghi này!
|
MARC
| LEADER | 00000 a a2200000 04500 | ||
|---|---|---|---|
| 001 | 5981 | ||
| 003 | |||
| 040 | |||
| 245 | |a Los desafíos de la débil institucionalización democrática | ||
| 650 | |a DEMOCRACIA | ||
| 650 | |a MARCO INSTITUCIONAL | ||
| 650 | |a PAZ | ||
| 650 | |a POLITICA | ||
| 650 | |a ESTADO | ||
| 650 | |a LEGISLACION | ||
| 650 | |a LEGITIMIDAD DEL ESTADO | ||
| 773 | |g volumen 16, número 669; páginas 6-7 | ||
| 999 | |c 32971 |d 32971 | ||
